[Event "Olomouc 2008 - Open"]
[Site "?"]
[Date "2008.08.02"]
[Round "3.14"]
[White "KARASIK, EVGENY."]
[Black "SAUTKIN, SERGEY."]
[Result "1-0"]
[WhiteElo "2270"]
[BlackElo "2060"]
[PlyCount "67"]
[EventDate "2008.07.31"]

1. e4 c5 2. Nf3 Nc6 3. d4 cxd4 4. Nxd4 g6 5. c4 Bg7 6. Be3 Nf6 7. Nc3 O-O 8.
Be2 d6 9. O-O Bd7 10. Rc1 Qc8 11. Nd5 Re8 12. f3 Qd8 13. Nb5 Rf8 14. Qd2 b6 15.
Bg5 Ne8 16. Rfd1 f6 17. Be3 Rb8 18. Bf1 Be6 19. Qf2 Qd7 20. a3 f5 21. exf5 Bxf5
22. b4 Nf6 23. Nbc3 Be6 24. Qh4 Ne5 25. Bg5 Rbc8 26. Kh1 Qb7 27. Be2 Rf7 28.
Bxf6 Bxf6 29. Nxf6+ Rxf6 30. Ne4 Rf5 31. Ng5 Rxg5 32. Qxg5 Nxc4 33. Re1 Nxa3
34. Qe3 1-0

[Event "Olomouc 2008 - Open"]
[Site "?"]
[Date "2008.08.02"]
[Round "3.16"]
[White "FAERMAN, IGOR."]
[Black "HRUSKA, VLADIMIR."]
[Result "1-0"]
[WhiteElo "2245"]
[BlackElo "1998"]
[PlyCount "73"]
[EventDate "2008.07.31"]

1. d4 Nf6 2. Bg5 e6 3. Nf3 d5 4. e3 Be7 5. Bd3 c5 6. c3 Nbd7 7. Nbd2 b6 8. a4
Bb7 9. O-O h6 10. Bf4 O-O 11. Qe2 Re8 12. h3 a6 13. Rfd1 Bf8 14. Ne5 Nxe5 15.
dxe5 Nd7 16. Bg3 g6 17. f4 Bg7 18. Nf3 Qc8 19. b4 Bf8 20. Be1 c4 21. Bc2 Qc7
22. a5 b5 23. Nd4 Nb8 24. Bh4 Nc6 25. Bf6 Bg7 26. Bxg7 Kxg7 27. Rd2 Qe7 28. Rf1
Nxd4 29. exd4 Qh4 30. Kh2 Rf8 31. Qe3 Rae8 32. Rdf2 Bc8 33. g4 Qd8 34. f5 g5
35. f6+ Kh8 36. h4 Rg8 37. Qh3 1-0

[Event "Olomouc 2008 - Open"]
[Site "?"]
[Date "2008.08.02"]
[Round "3.21"]
[White "RICCA, GIORGIO."]
[Black "ALLEGRETTI, LUIGI."]
[Result "1-0"]
[WhiteElo "2065"]
[BlackElo "1951"]
[PlyCount "59"]
[EventDate "2008.07.31"]

1. e4 g6 2. d4 Bg7 3. Nc3 d6 4. Be3 a6 5. Qd2 b5 6. O-O-O Nd7 7. f3 Bb7 8. g4
h5 9. g5 c5 10. dxc5 Nxc5 11. Bd4 Ne6 12. Bxg7 Nxg7 13. Qd4 e5 14. Qe3 Ne6 15.
h4 Ne7 16. Nge2 Qc7 17. Rd2 b4 18. Nd5 Bxd5 19. exd5 Nc5 20. Bh3 O-O 21. Kb1
Rab8 22. f4 exf4 23. Qxf4 Na4 24. Rd3 Qb6 25. Qf6 Rb7 26. Rf1 Nc5 27. Rd4 Na4
28. Nf4 Nf5 29. Bxf5 gxf5 30. Nxh5 1-0

[Event "Olomouc 2008 - Open"]
[Site "?"]
[Date "2008.08.02"]
[Round "3.23"]
[White "MOLNAR, JIRI."]
[Black "SCHALLA, DIETER."]
[Result "0-1"]
[WhiteElo "1904"]
[BlackElo "2128"]
[PlyCount "63"]
[EventDate "2008.07.31"]

1. e4 g6 2. f4 c5 3. Nc3 Nc6 4. Nf3 Bg7 5. Bc4 e6 6. O-O a6 7. a3 Nge7 8. Qe1
O-O 9. Kh1 d5 10. Ba2 Nd4 11. Bb1 dxe4 12. Nxd4 cxd4 13. Nxe4 Bd7 14. Qh4 Nf5
15. Qxd8 Rfxd8 16. d3 Bc6 17. Re1 Rac8 18. Ba2 Bd5 19. Bb1 Rc7 20. Ng3 Rdc8 21.
Nxf5 exf5 22. Kg1 Bb3 23. cxb3 Rxc1 24. Ba2 R1c2 25. b4 Rxb2 26. Bb1 Rc3 27.
Rd1 Bh6 28. Re1 Bxf4 29. Rf1 Be3+ 30. Kh1 Rcb3 31. h4 Rd2 32. Ra2 0-1

[Event "Olomouc 2008 - Open"]
[Site "?"]
[Date "2008.08.02"]
[Round "3.24"]
[White "HRADSKY-JUN., ALES."]
[Black "FRISK, ELLINOR."]
[Result "0-1"]
[WhiteElo "1900"]
[BlackElo "2102"]
[PlyCount "34"]
[EventDate "2008.07.31"]

1. e4 e6 2. Nf3 c5 3. b4 cxb4 4. a3 bxa3 5. Bxa3 Bxa3 6. Nxa3 Ne7 7. Be2 Nbc6
8. O-O O-O 9. d4 d6 10. c3 e5 11. Nc4 exd4 12. cxd4 d5 13. exd5 Nxd5 14. Nce5
Nxe5 15. Nxe5 Nc3 16. Qd2 Qxd4 17. Qxd4 Nxe2+ 0-1

[Event "Olomouc 2008 - Open"]
[Site "?"]
[Date "2008.08.02"]
[Round "3.25"]
[White "PESCE, GABRIELE."]
[Black "SOKOLSKI, ALEKSANDER."]
[Result "1-0"]
[WhiteElo "2102"]
[BlackElo "1883"]
[PlyCount "71"]
[EventDate "2008.07.31"]

1. e4 c6 2. d4 d5 3. Nc3 dxe4 4. Nxe4 Bf5 5. Ng3 Bg6 6. N1e2 e6 7. h4 h6 8. h5
Bh7 9. Nf4 Bd6 10. Bc4 Qc7 11. Qg4 Qa5+ 12. Bd2 Qg5 13. Qf3 Qe7 14. O-O-O Nd7
15. Rhe1 Bxf4 16. Bxf4 Nb6 17. Bb3 Nf6 18. Be5 Nbd7 19. Bc7 O-O 20. Nf5 Qb4 21.
Nd6 Nb6 22. a3 Qa5 23. Re5 Qa6 24. g4 Nfd5 25. g5 Nxc7 26. gxh6 Ne8 27. Qg3 g6
28. Nxf7 Nd5 29. hxg6 Rxf7 30. gxh7+ Kxh7 31. Rg1 Nd6 32. Qg6+ Kh8 33. Bxd5
exd5 34. Qxd6 Rxf2 35. Ree1 Qc4 36. Qe5+ 1-0

[Event "Olomouc 2008 - Open"]
[Site "?"]
[Date "2008.08.03"]
[Round "4.1"]
[White "MASLAK, KONSTANTIN."]
[Black "SALAMA, OMAR."]
[Result "1/2-1/2"]
[WhiteElo "2521"]
[BlackElo "2212"]
[PlyCount "83"]
[EventDate "2008.07.31"]

1. d4 Nf6 2. c4 g6 3. Nc3 Bg7 4. e4 d6 5. Nf3 O-O 6. h3 c5 7. d5 b5 8. cxb5 a6
9. b6 Nbd7 10. a4 Nxb6 11. a5 Nbd7 12. Be2 Rb8 13. O-O Ne8 14. Nd2 Nc7 15. Nc4
Nb5 16. Na4 Nd4 17. Nab6 Nxb6 18. Nxb6 Bb7 19. Bc4 e6 20. Qd3 exd5 21. exd5 Re8
22. Bxa6 Bxa6 23. Qxa6 Nb3 24. Ra2 Nxa5 25. Na4 Nb3 26. Bf4 Be5 27. Bxe5 Rxe5
28. Nc3 Nd4 29. Qd3 Qe7 30. Qd2 Kg7 31. Ra4 Rb3 32. Ra6 Ne2+ 33. Kh1 Nxc3 34.
bxc3 Re2 35. Qd3 Qe5 36. f4 Rxc3 37. fxe5 Rxd3 38. exd6 Rxd5 39. Ra7 Rf5 40.
Rxf5 gxf5 41. Rc7 Rd2 42. Rxc5 1/2-1/2

[Event "Olomouc 2008 - Open"]
[Site "?"]
[Date "2008.08.03"]
[Round "4.2"]
[White "ZAKHARCHENKO, ARNOLD."]
[Black "SIMACEK, PAVEL."]
[Result "0-1"]
[WhiteElo "2271"]
[BlackElo "2470"]
[PlyCount "88"]
[EventDate "2008.07.31"]

1. d4 Nf6 2. c4 c5 3. d5 e6 4. Nc3 exd5 5. cxd5 d6 6. Nf3 g6 7. h3 Bg7 8. e4
O-O 9. Bd3 a6 10. a4 Re8 11. O-O c4 12. Bxc4 Nxe4 13. Nxe4 Rxe4 14. Bd3 Re8 15.
Bg5 Bf6 16. Bxf6 Qxf6 17. Re1 Rd8 18. b4 a5 19. bxa5 Nd7 20. Bb5 Nc5 21. a6
bxa6 22. Bc6 Rb8 23. Ra3 Rb4 24. Rae3 Bf5 25. a5 Kg7 26. Qd2 Rc4 27. Re7 Be4
28. Qe2 Rc2 29. Qd1 Ra2 30. Ra7 Rb8 31. Qd4 Bxf3 32. Qxf6+ Kxf6 33. gxf3 Nd3
34. Ree7 Rb1+ 35. Kg2 Kg5 36. f4+ Nxf4+ 37. Kf3 Nxh3 38. Rxf7 Rxf2+ 39. Ke3 Ra2
40. Rxa6 Nf4 41. Rb7 Rd1 42. Rb3 Re2+ 43. Kf3 Rf1+ 44. Kg3 Rg2# 0-1

[Event "Olomouc 2008 - Open"]
[Site "?"]
[Date "2008.08.03"]
[Round "4.3"]
[White "MASLAK, ALEXANDER."]
[Black "DVIRNYY, DANYYIL."]
[Result "0-1"]
[WhiteElo "2201"]
[BlackElo "2358"]
[PlyCount "68"]
[EventDate "2008.07.31"]

1. d4 Nf6 2. c4 g6 3. Nc3 Bg7 4. e4 d6 5. Be2 O-O 6. Nf3 e5 7. dxe5 dxe5 8.
Qxd8 Rxd8 9. Bg5 Rf8 10. O-O-O c6 11. h3 Nbd7 12. Be3 Re8 13. Nd2 Bf8 14. Na4
Rb8 15. f3 Nh5 16. Nb3 b6 17. Kb1 Be7 18. Rd2 Nf8 19. Na1 Ng3 20. Rhd1 h5 21.
Nc2 Be6 22. b3 h4 23. Nb2 f6 24. Kc1 Rec8 25. Kb1 Kf7 26. Nd3 Rc7 27. Bf2 Rd7
28. Nc1 Rxd2 29. Rxd2 f5 30. Nd3 Nd7 31. exf5 gxf5 32. Be3 f4 33. Bf2 Bf5 34.
Kc1 Nxe2+ 0-1

[Event "Olomouc 2008 - Open"]
[Site "?"]
[Date "2008.08.03"]
[Round "4.4"]
[White "NAVRATIL-SEN., JIRI."]
[Black "CERVENY, MARTIN."]
[Result "0-1"]
[WhiteElo "2176"]
[BlackElo "2285"]
[PlyCount "72"]
[EventDate "2008.07.31"]

1. d4 d5 2. Nf3 Nf6 3. Bf4 c6 4. Nbd2 Bf5 5. e3 Nbd7 6. Nh4 Bg6 7. Nxg6 hxg6 8.
h3 c5 9. c3 e6 10. Bd3 Qb6 11. Qb3 c4 12. Qxb6 axb6 13. Bc2 b5 14. O-O Nh5 15.
Bh2 f5 16. a3 Be7 17. f3 Bg5 18. Kf2 Kf7 19. Rh1 f4 20. exf4 Nxf4 21. Nf1 Rae8
22. Ne3 e5 23. Bxf4 exf4 24. Nxd5 Bh4+ 25. Kf1 Bg3 26. Nc7 Re3 27. Nxb5 Ke7 28.
Bxg6 Rh6 29. Be4 Rb6 30. a4 g5 31. Bd5 Ra6 32. Nc7 Rxa4 33. Rb1 Nf6 34. Bxb7
Ra2 35. Nd5+ Nxd5 36. Bxd5 Rxb2 0-1

[Event "Olomouc 2008 - Open"]
[Site "?"]
[Date "2008.08.03"]
[Round "4.5"]
[White "POZIN, SERGEY."]
[Black "ILANDZIS, SPYRIDON."]
[Result "1-0"]
[WhiteElo "2436"]
[BlackElo "2196"]
[PlyCount "69"]
[EventDate "2008.07.31"]

1. d4 Nf6 2. Nf3 e6 3. c4 b6 4. Bg5 Bb7 5. e3 h6 6. Bh4 Bb4+ 7. Nfd2 g5 8. Bg3
Ne4 9. a3 Nxg3 10. hxg3 Bf8 11. Nc3 d6 12. d5 exd5 13. cxd5 Bg7 14. Rc1 Bxc3
15. Rxc3 Bxd5 16. Qa4+ c6 17. Qd4 f6 18. Ne4 Bxe4 19. Qxe4+ Qe7 20. Qg6+ Qf7
21. Qf5 Ke7 22. Bb5 Qe6 23. Qg6 Qg8 24. Qc2 Qd5 25. Bd3 Qf7 26. Bg6 Qg8 27. O-O
d5 28. Rd1 Qe6 29. e4 d4 30. Rxd4 c5 31. Rxc5 Na6 32. Rc6 Qe5 33. Rd5 Qb8 34.
Qc4 Qb7 35. Rdd6 1-0

[Event "Olomouc 2008 - Open"]
[Site "?"]
[Date "2008.08.03"]
[Round "4.8"]
[White "CAGASIK, TOMAS."]
[Black "ZAVURKA, ROMAN."]
[Result "1/2-1/2"]
[WhiteElo "2253"]
[BlackElo "2157"]
[PlyCount "75"]
[EventDate "2008.07.31"]

1. e4 b6 2. d4 Bb7 3. Bd3 Nf6 4. Qe2 Nc6 5. c3 e5 6. d5 Ne7 7. Nh3 Ng6 8. O-O
Be7 9. Nd2 O-O 10. Nc4 d6 11. Ne3 Nd7 12. Nf5 Bf6 13. Qh5 Nc5 14. Bc2 a5 15.
Ng5 Bxg5 16. Bxg5 f6 17. Bd2 Ne7 18. Rfe1 Nxf5 19. Qxf5 Bc8 20. Qh5 Bd7 21. f4
exf4 22. e5 f5 23. exd6 cxd6 24. Bxf4 Ne4 25. Bxe4 fxe4 26. Rxe4 Rf5 27. Qe2
Qf6 28. Be3 Rf8 29. Bd4 Qg5 30. Rg4 Rf1+ 31. Rxf1 Bxg4 32. Rxf8+ Kxf8 33. Qe3
Qxe3+ 34. Bxe3 b5 35. Kf2 a4 36. Bf4 Ke7 37. Ke3 Bf5 38. a3 1/2-1/2

[Event "Olomouc 2008 - Open"]
[Site "?"]
[Date "2008.08.03"]
[Round "4.10"]
[White "VRANA, JAN."]
[Black "RICCA, GIORGIO."]
[Result "1-0"]
[WhiteElo "2234"]
[BlackElo "2065"]
[PlyCount "85"]
[EventDate "2008.07.31"]

1. e4 e5 2. f4 Qh4+ 3. g3 Qe7 4. d3 d5 5. Nc3 dxe4 6. dxe4 Nf6 7. f5 Nc6 8. Be3
Qb4 9. a3 Qd6 10. Nf3 a6 11. Bc4 Qxd1+ 12. Rxd1 Bd6 13. h3 b5 14. Bd3 Bb7 15.
O-O Ne7 16. g4 h6 17. Bf2 Nd7 18. Ne2 h5 19. Be3 Nc5 20. Nc3 hxg4 21. hxg4 f6
22. Kg2 O-O-O 23. Rh1 g5 24. Rxh8 Rxh8 25. b4 Nxd3 26. cxd3 Nc6 27. Nd5 Rh6 28.
Rh1 Rxh1 29. Kxh1 Be7 30. Kg2 Kd7 31. Nxe7 Kxe7 32. Kf2 Nb8 33. Bc5+ Kf7 34.
Ke3 Nd7 35. d4 Bc6 36. Ba7 Ke7 37. Kd3 Kd6 38. Bc5+ Nxc5+ 39. bxc5+ Ke7 40.
dxe5 b4 41. exf6+ Kxf6 42. axb4 Bb5+ 43. Ke3 1-0

[Event "Olomouc 2008 - Open"]
[Site "?"]
[Date "2008.08.03"]
[Round "4.13"]
[White "VANEK, LADISLAV."]
[Black "GURKIN, ANTON."]
[Result "1-0"]
[WhiteElo "2114"]
[BlackElo "2158"]
[PlyCount "65"]
[EventDate "2008.07.31"]

1. d4 f5 2. Nc3 Nf6 3. Bg5 e6 4. e4 fxe4 5. Nxe4 Be7 6. Bxf6 Bxf6 7. Qh5+ g6 8.
Qh6 d5 9. Nxf6+ Qxf6 10. Nf3 Nc6 11. Bb5 Bd7 12. Bxc6 Bxc6 13. O-O-O O-O-O 14.
Rhe1 Rd6 15. Qg5 Qf8 16. h4 Bb5 17. Re3 Ra6 18. a3 h6 19. Qg3 Rg8 20. Rde1 Bd7
21. Ne5 g5 22. Rf3 Qd6 23. Rf6 Re8 24. hxg5 hxg5 25. Rh1 Ra4 26. Rf7 Bb5 27.
Rhh7 Kb8 28. Rxc7 Ka8 29. Qb3 Qb6 30. Rxb7 Qxd4 31. Qxb5 Rc8 32. Rb8+ Rxb8 33.
Qc6+ 1-0

[Event "Olomouc 2008 - Open"]
[Site "?"]
[Date "2008.08.03"]
[Round "4.16"]
[White "SOBAN, JAROSLAV."]
[Black "MAROTZKE, JOERG."]
[Result "1-0"]
[WhiteElo "2151"]
[BlackElo "1985"]
[PlyCount "45"]
[EventDate "2008.07.31"]

1. e4 e5 2. Nc3 Nc6 3. g3 Bc5 4. Bg2 d6 5. Nge2 f5 6. O-O Nf6 7. exf5 Bxf5 8.
Na4 Bb6 9. Nxb6 axb6 10. d4 O-O 11. Bg5 Qc8 12. dxe5 dxe5 13. f4 e4 14. Re1 Ng4
15. Nd4 Nxd4 16. Qxd4 e3 17. h3 Nf2 18. g4 Bxg4 19. hxg4 h6 20. Be7 Qxg4 21.
Bxf8 Nh3+ 22. Kh2 Nxf4 23. Qxg7+ 1-0

[Event "Olomouc 2008 - Open"]
[Site "?"]
[Date "2008.08.03"]
[Round "4.17"]
[White "MUSIL, VITEZSLAV."]
[Black "KILPELA, PANU."]
[Result "1-0"]
[WhiteElo "2039"]
[BlackElo "2129"]
[PlyCount "49"]
[EventDate "2008.07.31"]

1. e4 d6 2. d4 g6 3. Nf3 Bg7 4. Be3 Nf6 5. Bd3 O-O 6. O-O c5 7. dxc5 Ng4 8. Bd4
Bxd4 9. Nxd4 dxc5 10. Nf3 Nc6 11. h3 Nf6 12. Nc3 Nb4 13. e5 Nfd5 14. Ne4 Nxd3
15. Qxd3 b6 16. Rfd1 Bb7 17. Qe2 Qc8 18. c4 Nf4 19. Qe3 Ne6 20. Nc3 Bc6 21. Nd5
Qb7 22. Nh2 Rae8 23. Ng4 Nc7 24. Ndf6+ exf6 25. Qh6 1-0

[Event "Olomouc 2008 - Open"]
[Site "?"]
[Date "2008.08.03"]
[Round "4.20"]
[White "MACICEK, JAKUB."]
[Black "TRUNDA, OTAKAR."]
[Result "1-0"]
[WhiteElo "2121"]
[BlackElo "1951"]
[PlyCount "47"]
[EventDate "2008.07.31"]

1. e4 e5 2. f4 exf4 3. Nf3 g5 4. h4 g4 5. Ne5 d6 6. Nxg4 Nf6 7. Nxf6+ Qxf6 8.
Nc3 Nc6 9. Bb5 Qg6 10. Qf3 Bh6 11. d3 Bd7 12. Ne2 O-O-O 13. Nxf4 Bxf4 14. Bxf4
Bg4 15. Qf2 f5 16. Bxc6 bxc6 17. O-O Rhg8 18. exf5 Bxf5 19. Qf3 Rdf8 20. Rf2
Be6 21. Qxc6 Bh3 22. Bxd6 Qxd6 23. Qxd6 Rxf2 24. Qa6+ 1-0

[Event "Olomouc 2008 - Open"]
[Site "?"]
[Date "2008.08.03"]
[Round "5.1"]
[White "SIMACEK, PAVEL."]
[Black "DVIRNYY, DANYYIL."]
[Result "1/2-1/2"]
[WhiteElo "2470"]
[BlackElo "2358"]
[PlyCount "36"]
[EventDate "2008.07.31"]

1. e4 c5 2. Nf3 d6 3. d4 cxd4 4. Nxd4 Nf6 5. Nc3 g6 6. Be3 Bg7 7. f3 O-O 8. Qd2
Nc6 9. O-O-O Nxd4 10. Bxd4 Be6 11. Kb1 Qc7 12. g4 Rfc8 13. h4 Qa5 14. a3 Rab8
15. h5 b5 16. Nd5 Qxd2 17. Nxf6+ Bxf6 18. Rxd2 Bxd4 1/2-1/2

[Event "Olomouc 2008 - Open"]
[Site "?"]
[Date "2008.08.03"]
[Round "5.2"]
[White "CERVENY, MARTIN."]
[Black "MASLAK, KONSTANTIN."]
[Result "0-1"]
[WhiteElo "2285"]
[BlackElo "2521"]
[PlyCount "80"]
[EventDate "2008.07.31"]

1. d4 Nf6 2. c4 g6 3. Nc3 d5 4. Nf3 Bg7 5. Bg5 Ne4 6. Bh4 Nxc3 7. bxc3 c5 8.
cxd5 Qxd5 9. e3 cxd4 10. cxd4 Nc6 11. Be2 O-O 12. O-O b6 13. Qb3 e6 14. Qxd5
exd5 15. Rfc1 Bb7 16. Nd2 Rfc8 17. Kf1 Bf8 18. f3 Bh6 19. f4 Bf8 20. Be1 Ba3
21. Rcb1 Na5 22. g4 Re8 23. Kf2 Rac8 24. Rd1 Bc6 25. Rdb1 Ba4 26. Bd1 Bxd1 27.
Rxd1 Rc2 28. Kf3 f5 29. gxf5 gxf5 30. Nf1 Nc4 31. Rd3 Kf7 32. Rb3 Rc8 33. Ng3
Ke6 34. Ne2 a6 35. Bb4 Bxb4 36. Rxb4 a5 37. Rb5 Kd6 38. a4 Re8 39. Kf2 Rxe3 40.
Rxb6+ Kc7 0-1

[Event "Olomouc 2008 - Open"]
[Site "?"]
[Date "2008.08.03"]
[Round "5.3"]
[White "FURMAN, BORIS."]
[Black "POZIN, SERGEY."]
[Result "1/2-1/2"]
[WhiteElo "2223"]
[BlackElo "2436"]
[PlyCount "25"]
[EventDate "2008.07.31"]

1. d4 Nf6 2. c4 e6 3. Nc3 d5 4. Bg5 c5 5. cxd5 cxd4 6. Qa4+ Qd7 7. Qxd4 Nc6 8.
Qd2 Nxd5 9. Nxd5 exd5 10. Qe3+ Be7 11. Bxe7 Nxe7 12. Nf3 O-O 13. Qd2 1/2-1/2

[Event "Olomouc 2008 - Open"]
[Site "?"]
[Date "2008.08.03"]
[Round "5.6"]
[White "GALVANEK, LADISLAV."]
[Black "KARLIK, VLADIMIR."]
[Result "0-1"]
[WhiteElo "2127"]
[BlackElo "2301"]
[PlyCount "54"]
[EventDate "2008.07.31"]

1. d4 Nf6 2. c4 g6 3. Nc3 Bg7 4. e4 d6 5. f4 O-O 6. Nf3 Na6 7. Be2 e5 8. fxe5
dxe5 9. d5 Nc5 10. Qc2 Nfxe4 11. Nxe4 Bf5 12. Bd3 Bxe4 13. Bxe4 f5 14. Bxf5
Rxf5 15. Be3 e4 16. Bxc5 exf3 17. O-O Qg5 18. Rae1 Be5 19. Kh1 b6 20. Be3 fxg2+
21. Qxg2 Rxf1+ 22. Qxf1 Qh4 23. Qe2 Bxh2 24. Bg5 Qxg5 25. Qxh2 Rf8 26. Qh3 Rf5
27. Rg1 Qf4 0-1

[Event "Olomouc 2008 - Open"]
[Site "?"]
[Date "2008.08.03"]
[Round "5.15"]
[White "STEHLIK, JIRI."]
[Black "SOBAN, JAROSLAV."]
[Result "1/2-1/2"]
[WhiteElo "2063"]
[BlackElo "2151"]
[PlyCount "44"]
[EventDate "2008.07.31"]

1. c4 e5 2. Nc3 Nc6 3. g3 g6 4. Bg2 Bg7 5. e4 Nge7 6. Nge2 O-O 7. d3 d6 8. O-O
f5 9. Nd5 Be6 10. Rb1 h6 11. b4 Qd7 12. b5 Nd8 13. Be3 fxe4 14. dxe4 c6 15.
bxc6 bxc6 16. Nxe7+ Qxe7 17. Qb3 c5 18. Nc3 Nc6 19. Nd5 Bxd5 20. exd5 Nd4 21.
Qd3 Kh7 22. Be4 Nf5 1/2-1/2

[Event "Olomouc 2008 - Open"]
[Site "?"]
[Date "2008.08.03"]
[Round "5.18"]
[White "NOVOSADOVA, KRISTYNA."]
[Black "STREKALOVSKI, VIKTOR."]
[Result "1/2-1/2"]
[WhiteElo "2038"]
[BlackElo "2157"]
[PlyCount "77"]
[EventDate "2008.07.31"]

1. e4 c6 2. d4 d5 3. exd5 cxd5 4. Nf3 Nc6 5. Be2 Nf6 6. O-O Bf5 7. c3 g6 8.
Nbd2 Bg7 9. Re1 O-O 10. Nf1 Rc8 11. Ng3 Bd7 12. Bd3 Bg4 13. h3 Bd7 14. Bf4 Kh8
15. Qd2 Ng8 16. Re2 f6 17. h4 e5 18. dxe5 fxe5 19. Nxe5 Nxe5 20. Bxe5 Qxh4 21.
Bxg7+ Kxg7 22. Re5 Nf6 23. Be2 Rfe8 24. Rxe8 Bxe8 25. Bf3 Bf7 26. Re1 Rc7 27.
a3 b6 28. Qe3 Rc8 29. Qd3 Rc7 30. Nf1 Qf4 31. Qe3 Qd6 32. Nd2 Rc8 33. Qd4 Qc5
34. Nb3 Qb5 35. Qb4 Qd3 36. Nd4 Qd2 37. Re7 Qc1+ 38. Kh2 Qh6+ 39. Kg1 1/2-1/2

[Event "Olomouc 2008 - Open"]
[Site "?"]
[Date "2008.08.03"]
[Round "5.19"]
[White "ZDRAZIL, TOMAS."]
[Black "RYMSKYY, ALEKSANDER."]
[Result "0-1"]
[WhiteElo "2035"]
[BlackElo "2151"]
[PlyCount "40"]
[EventDate "2008.07.31"]

1. e4 c5 2. Nf3 d6 3. d4 cxd4 4. Nxd4 Nf6 5. Nc3 g6 6. Be3 Bg7 7. f3 O-O 8. Qd2
Nc6 9. O-O-O d5 10. Nxc6 bxc6 11. Bh6 Bxh6 12. Qxh6 Qb6 13. h4 Rb8 14. b3 Qa5
15. Kb2 dxe4 16. h5 g5 17. f4 Ng4 18. Qxc6 Bb7 19. Nd5 Bxc6 20. Nxe7+ Kh8 0-1

[Event "Olomouc 2008 - Open"]
[Site "?"]
[Date "2008.08.03"]
[Round "5.22"]
[White "PESCE, GABRIELE."]
[Black "KOLASIN, JAN."]
[Result "0-1"]
[WhiteElo "2102"]
[BlackElo "1942"]
[PlyCount "82"]
[EventDate "2008.07.31"]

1. e4 e6 2. Nf3 d5 3. Nc3 Nf6 4. exd5 exd5 5. d4 c6 6. Bd3 Bd6 7. O-O O-O 8.
Bg5 Bg4 9. Re1 Nbd7 10. Bh4 Qb6 11. Rb1 Rfe8 12. Ne2 Qc7 13. Bg3 Bxf3 14. gxf3
Nf8 15. c4 Ng6 16. c5 Bxg3 17. hxg3 Re7 18. Qd2 Rae8 19. Nc3 Rxe1+ 20. Rxe1
Rxe1+ 21. Qxe1 Qe7 22. Qxe7 Nxe7 23. Kf1 Ne8 24. Ke2 f5 25. f4 Nc7 26. b4 Kf7
27. Ke3 Kf6 28. b5 cxb5 29. Nxb5 Nxb5 30. Bxb5 Nc6 31. Kd3 g5 32. Bxc6 bxc6 33.
fxg5+ Kxg5 34. Ke2 Kg4 35. Ke3 h5 36. a3 a6 37. a4 a5 38. Ke2 f4 39. gxf4 Kxf4
40. f3 h4 41. Kf2 h3 0-1

[Event "Olomouc 2008 - Open"]
[Site "?"]
[Date "2008.08.04"]
[Round "6.1"]
[White "MASLAK, KONSTANTIN."]
[Black "SIMACEK, PAVEL."]
[Result "1/2-1/2"]
[WhiteElo "2521"]
[BlackElo "2470"]
[PlyCount "50"]
[EventDate "2008.07.31"]

1. e4 e5 2. Nf3 Nc6 3. Bc4 Nf6 4. d3 Be7 5. c3 O-O 6. Nbd2 d6 7. Bb3 Be6 8. Qe2
Qd7 9. Nf1 d5 10. Ng3 Rad8 11. O-O d4 12. Ba4 Bg4 13. Bxc6 Bxf3 14. Qxf3 Qxc6
15. Nf5 Rfe8 16. cxd4 exd4 17. Bf4 Qb6 18. Rac1 c5 19. b3 Bf8 20. Bg5 Rd7 21.
Qh3 Rc7 22. Qg3 Rec8 23. Rfe1 Ne8 24. Bf4 Rc6 25. Qh3 Qd8 1/2-1/2

[Event "Olomouc 2008 - Open"]
[Site "?"]
[Date "2008.08.04"]
[Round "6.2"]
[White "DVIRNYY, DANYYIL."]
[Black "KARASIK, EVGENY."]
[Result "1/2-1/2"]
[WhiteElo "2358"]
[BlackElo "2270"]
[PlyCount "66"]
[EventDate "2008.07.31"]

1. e4 e5 2. Nf3 Nc6 3. Bb5 a6 4. Ba4 d6 5. O-O Bg4 6. h3 h5 7. Bxc6+ bxc6 8. d4
Bxf3 9. Qxf3 exd4 10. Rd1 Qf6 11. Qb3 Ne7 12. Qb7 Rd8 13. Qxc7 g5 14. Rd3 g4
15. Nd2 Rg8 16. h4 Qxh4 17. g3 Qf6 18. Nc4 Rd7 19. Qb8+ Rd8 20. Qc7 Rd7 21.
Qb8+ Rd8 22. Qb6 Bg7 23. Bf4 Qe6 24. Qxa6 Be5 25. Nxe5 dxe5 26. Bd2 h4 27. Bb4
hxg3 28. fxg3 Rh8 29. Qb7 Rd7 30. Qb8+ Rd8 31. Qb7 Rd7 32. Qb8+ Rd8 33. Qb7 Rd7
1/2-1/2

[Event "Olomouc 2008 - Open"]
[Site "?"]
[Date "2008.08.04"]
[Round "6.5"]
[White "SHISHKIN, VLADIMIR."]
[Black "CERVENY, MARTIN."]
[Result "0-1"]
[WhiteElo "2189"]
[BlackElo "2285"]
[PlyCount "92"]
[EventDate "2008.07.31"]

1. f4 c5 2. Nf3 Nc6 3. e4 d5 4. exd5 Qxd5 5. Nc3 Qd8 6. b3 Nf6 7. Bb2 a6 8. Ne5
Nd4 9. Ne2 e6 10. Nxd4 cxd4 11. Qf3 Bc5 12. g4 Qd5 13. Bg2 Qxf3 14. Bxf3 Nd5
15. Nd3 Ba7 16. O-O-O O-O 17. Bxd5 exd5 18. Rdg1 Re8 19. h3 Bd7 20. Ne5 Bc6 21.
d3 Bb8 22. g5 Bxe5 23. fxe5 Rxe5 24. Bxd4 Re2 25. h4 Bd7 26. Kd1 Rae8 27. h5
Bf5 28. Rh4 R8e6 29. a4 Kf8 30. Bc5+ Ke8 31. Rd4 R2e5 32. Rf4 g6 33. hxg6 Bxg6
34. Rb4 Bh5+ 35. Kc1 Rc6 36. Rxb7 Re2 37. b4 a5 38. bxa5 Rxc5 39. a6 Kf8 40. a7
Ra5 41. Rb8+ Re8 42. Rb7 d4 43. Rf1 Rxa4 44. Kb2 Kg7 45. Rb8 Rf8 46. Ra1 Rxa7
0-1

[Event "Olomouc 2008 - Open"]
[Site "?"]
[Date "2008.08.04"]
[Round "6.6"]
[White "ZAVURKA, ROMAN."]
[Black "FAERMAN, IGOR."]
[Result "1/2-1/2"]
[WhiteElo "2157"]
[BlackElo "2245"]
[PlyCount "46"]
[EventDate "2008.07.31"]

1. d4 Nf6 2. Nf3 g6 3. Bf4 Bg7 4. e3 d6 5. h3 O-O 6. Be2 Nfd7 7. c3 e5 8. Bh2
Nc6 9. O-O f5 10. a4 Kh8 11. Na3 Qe7 12. Nc4 e4 13. Nfd2 Nf6 14. Qc2 Bd7 15. b4
Rae8 16. b5 Nd8 17. Rfb1 Nd5 18. a5 b6 19. axb6 axb6 20. Ra7 f4 21. Bxf4 Nxf4
22. exf4 Rxf4 23. Rxc7 Ne6 1/2-1/2

[Event "Olomouc 2008 - Open"]
[Site "?"]
[Date "2008.08.04"]
[Round "6.7"]
[White "VRANA, JAN."]
[Black "FRISK, ELLINOR."]
[Result "1-0"]
[WhiteElo "2234"]
[BlackElo "2102"]
[PlyCount "59"]
[EventDate "2008.07.31"]

1. e4 e6 2. d4 d5 3. Nd2 c5 4. exd5 Qxd5 5. Ngf3 cxd4 6. Bc4 Qd6 7. O-O Nf6 8.
Nb3 Nc6 9. Nbxd4 Nxd4 10. Nxd4 a6 11. Bb3 Qc7 12. Qf3 Bd6 13. h3 O-O 14. Bg5
Nd7 15. c3 b5 16. Rfe1 Bb7 17. Qe2 Nc5 18. Bc2 e5 19. Nf5 Qc6 20. f3 f6 21.
Rad1 fxg5 22. Nxd6 Qb6 23. Qf2 Bc6 24. Rxe5 Na4 25. Bb3+ Kh8 26. Qxb6 Nxb6 27.
Nf7+ Rxf7 28. Bxf7 Na4 29. Rd6 Bb7 30. Re7 1-0

[Event "Olomouc 2008 - Open"]
[Site "?"]
[Date "2008.08.04"]
[Round "6.8"]
[White "ZAKHARCHENKO, ARNOLD."]
[Black "PALCHUN, GRIGORY."]
[Result "1-0"]
[WhiteElo "2271"]
[BlackElo "2120"]
[PlyCount "39"]
[EventDate "2008.07.31"]

1. e4 c5 2. Nf3 a6 3. c4 Nc6 4. d4 cxd4 5. Nxd4 e5 6. Nf5 d6 7. Nc3 Bxf5 8.
exf5 Nf6 9. g4 h6 10. Bg2 Be7 11. Be3 h5 12. h3 hxg4 13. hxg4 Rxh1+ 14. Bxh1
Kf8 15. g5 Nd7 16. Qh5 Ke8 17. Bd5 Nb6 18. Qxf7+ Kd7 19. f6 gxf6 20. gxf6 1-0

[Event "Olomouc 2008 - Open"]
[Site "?"]
[Date "2008.08.04"]
[Round "6.9"]
[White "CAGASIK, TOMAS."]
[Black "ZBORIL, TOMAS."]
[Result "1-0"]
[WhiteElo "2253"]
[BlackElo "2109"]
[PlyCount "51"]
[EventDate "2008.07.31"]

1. c4 Nf6 2. Nc3 c5 3. Nf3 Nc6 4. d4 cxd4 5. Nxd4 g6 6. g3 Bg7 7. Bg2 O-O 8.
O-O Nxd4 9. Qxd4 d6 10. Qh4 Rb8 11. Rd1 Bd7 12. c5 dxc5 13. Bf4 h6 14. Bxb8
Qxb8 15. Qc4 b6 16. Rd2 Be6 17. Qa6 Bc8 18. Qb5 Be6 19. Rad1 Rc8 20. Qa6 Ne8
21. Qb7 Nd6 22. Qxe7 Bf8 23. Qf6 Nc4 24. Rd8 Nxb2 25. Rxc8 Qxc8 26. Rd8 1-0

[Event "Olomouc 2008 - Open"]
[Site "?"]
[Date "2008.08.04"]
[Round "6.12"]
[White "SCHMID, THOMAS."]
[Black "RICCA, GIORGIO."]
[Result "1/2-1/2"]
[WhiteElo "2173"]
[BlackElo "2065"]
[PlyCount "61"]
[EventDate "2008.07.31"]

1. e4 e5 2. Nf3 Nf6 3. Nxe5 d6 4. Nf3 Nxe4 5. d4 d5 6. Bd3 Be7 7. O-O Nc6 8. c4
Nb4 9. Be2 O-O 10. Nc3 c5 11. cxd5 Nxc3 12. bxc3 Nxd5 13. Qb3 cxd4 14. Nxd4 Qa5
15. Bd2 Bf6 16. Rfd1 Qc5 17. Bf3 Rd8 18. Rab1 b6 19. Be1 Ba6 20. Nb5 Bxb5 21.
Rxd5 Rxd5 22. Bxd5 Bc6 23. Bxf7+ Kh8 24. Qc4 Qd6 25. Qg4 Rf8 26. Qh5 Be5 27.
Bb3 Be8 28. Qh3 Bd7 29. Qh5 Be8 30. Qh3 Bd7 31. Qh5 1/2-1/2